| 000 | 00923nam0a22002651 4500 | ||
|---|---|---|---|
| 001 | rc\3520966 | ||
| 005 | 20130115143236.0 | ||
| 021 |
_aRU _b[69-51336] |
||
| 035 | _a(NLR Aleph) 007661446 | ||
| 090 |
_a6335962 _c6335962 |
||
| 100 | _a20130115d1969 |||y0rusy50 ca | ||
| 101 | 0 | _arus | |
| 102 | _aRU | ||
| 105 | _ay z ||||| | ||
| 200 | 1 | _aИспользование трудовых ресурсов малых городов и рабочих поселков Бурятии | |
| 210 |
_aУлан-Удэ _cБурят. кн. изд-во _d1969 |
||
| 215 |
_a44 с. _d20 |
||
| 320 | _aБиблиогр.: с. 43-44 | ||
| 606 |
_aТрудовые ресурсы _yБурятская АССР _xИспользование _2psbo |
||
| 700 | 1 |
_aБуяева _bН. Ц. _gНина Цыренбазаровна |
|
| 801 | 0 |
_aRU _bNLR _gpsbo |
|
| 801 | 1 |
_aRU _bELAR _2rusmarc |
|
| 852 |
_aNLR _j69-4/13949 |
||
| 942 | _cBOOK | ||
| 980 | _aNB | ||